000 00469nam a2200169Ia 4500
999 _c27147
_d27147
003 OSt
005 20210104114012.0
008 190216s9999||||xx |||||||||||||| ||und||
040 _coclc
082 _a894.8121
_bKUM/N
100 _aKumaranasan
_97703
245 0 _aNalini /
_cKumaranasan
260 _bAmrutha Publications,
_c1995.
_aKunnamkulam:
300 _a72p
650 _aKavithkal
942 _cBK
_2ddc
_h894.8121
_iKUM/N
_k894.8121
_mKUM/N